Qui suis-je? Mythologie Grecque - Statistiques

Statistiques générales
  • Ce quiz a été pris 3 887 fois
  • Le résultat moyen est 6 sur 15
Statistiques - réponses
Description Qui suis-je ? % Correct
Je suis le dieu de Foudre, je règne sur le Ciel et la Terre et je gouverne l'Olympe Zeus
100%
Je suis un monstre, doté de trois têtes, je suis le gardien des Enfers Cérbère
86%
Je suis un mortel, et un guerrier très rusé, le Cheval de Troie était mon idée Ulysse
82%
Je suis le cousin de Patrocle, quand j'étais jeune ma mère m'a plongé dans le Styx Achille
73%
Je suis un dieu, les âmes des défunts me paient pour être conduites aux Enfers Charon
49%
Je suis un héro, fils de Zeus et Alcmène, j'ai du ramener Cérbère sur l'Olympe Héracles
49%
Je suis la sœur de Nyx, Erèbe, Eros et Tartare et j'ai enfanté mon propre mari Gaia
44%
Je suis le frère jumeau de Thanatos, le père de Morphée, je personnifie le sommeil Hypnos
34%
Je suis le mari d'Amphidrite, et le pére de Benthésicymé et de Cymopolée Poséidon
20%
Je suis la femme de Typhon, et la mère de beaucoup de monstres Echidna
17%
Je suis la fille ainée, du grand père, du frère jumeau de la déesse de la Chasse Hestia
14%
Je suis une Titanide, fille de Gaïa et Ouranos et mère des Neufs Muses Mnémosyne
11%
Je suis une nymphe, transformé en ourse puis catastérisé en la Grande Ourse Callisto
10%
Je suis une chèvre, charger d'allaiter Zeus, ma peau à servit à la création de l'Egide Amalthée
7%
Je suis née de la Terre après qu' Héphaistos l'est fécondé par accident Erichtonios
3%
Aucun quiz correspondant
Distribution des résultats
% des personnes avec chaque résultat
Percentile par nombre de réponses
Votre historique - résultats
Vous n’avez pas pris ce quiz